| 000 | 00396nam a2200157Ia 4500 | ||
|---|---|---|---|
| 008 | 230718s9999 xx 000 0 und d | ||
| 041 | _aeng | ||
| 082 |
_a621 _bCHA |
||
| 100 | _aChavan D.K. | ||
| 245 | _aElements Of Mechanical Engineering | ||
| 260 |
_c1993 _bShree Publication |
||
| 300 | _a287 | ||
| 365 |
_cRs. _b70.00 |
||
| 700 | _aChavan D.K. | ||
| 906 |
_dB:85024-Nov-1993 _cALLIED _b10.5 |
||
| 999 |
_c291578 _d291578 |
||